000 00573nam a2200169Ia 4500
008 090201s9999 xx 000 0 und d
010 _aKPL-58397
040 _bमराठी
041 _aमराठी
082 _a6437
_b58397
100 _aज्योत्स्ना देवधर
245 _aमूठभर माणुसकी
_cज्योत्स्ना देवधर
260 _c2004
_bनवचैतन्य प्रकाशन
300 _a168
_bमोठा
600 _aमूठभर माणुसकी
942 _cBOOK
999 _c207256
_d207256